| 000 | 02561cam a22004338i 4500 | ||
|---|---|---|---|
| 001 | 21154030 | ||
| 003 | BJBSDDR | ||
| 005 | 20250807143656.0 | ||
| 007 | ta | ||
| 008 | 190827s2020 nyu 001 0 eng | ||
| 010 | _a 2019038337 | ||
| 020 | _a9781108735599 | ||
| 035 | _a21154030 | ||
| 040 |
_aDLC _beng _erda _cDLC |
||
| 041 | _aeng | ||
| 042 | _apcc | ||
| 043 | _an-us--- | ||
| 050 | 0 | 0 |
_aKF3771 _bZ66a 2020 |
| 082 | 0 | 0 |
_a342.7308/4 _223 |
| 100 | 1 |
_aZiegler, Mary, _d1982- _eauthor. _932212 |
|
| 245 | 1 | 0 |
_aAbortion in America : _ba legal history from Roe to the present / _cMary Ziegler. |
| 263 | _a2001 | ||
| 264 | 1 |
_aNew York : _bCambridge University Press, _c2020. |
|
| 300 |
_axvii, 312 pages ; _c24 cm. |
||
| 336 |
_atext _btxt _2rdacontent |
||
| 337 |
_aunmediated _bn _2rdamedia |
||
| 338 |
_avolume _bnc _2rdacarrier |
||
| 500 | _aIncludes index. | ||
| 520 |
_a"With the Supreme Court likely to reverse Roe v. Wade, the landmark abortion decision, American debate appears fixated on clashing rights. The first comprehensive legal history of a vital period, Abortion in America illuminates an entirely different and unexpected shift in the terms of debate. Rather than simply championing rights, Mary Ziegler shows, those on opposing sides battled about the policy costs and benefits of abortion and laws restricting it. This mostly unknown turn deepened polarization in ways many have missed. Never abandoning their constitutional demands, pro-choice and pro-life advocates increasingly disagreed about the basic facts. Drawing on unexplored records and interviews with key participants, Ziegler complicates the view that the Supreme Court is responsible for the escalation of the conflict. A gripping account of social-movement divides and crucial legal strategies, this book delivers a definitive recent history of an issue that transforms American law and politics to this day"-- _cProvided by publisher. |
||
| 600 | 1 | 0 |
_aRoe, Jane, _d1947-2017 _xTrials, litigation, etc. |
| 600 | 1 | 0 |
_aWade, Henry _xTrials, litigation, etc. |
| 650 | 0 |
_aAbortion _xLaw and legislation _zUnited States _xHistory. |
|
| 650 | 0 |
_aTrials (Abortion) _zWashington (D.C.) |
|
| 776 | 0 | 8 |
_iOnline version: _aZiegler, Mary, 1982- _tAbortion in america _b1. _dNew York : Cambridge University Press, 2020. _z9781108653138 _w(DLC) 2019038338 |
| 906 |
_a7 _bcbc _corignew _d1 _eecip _f20 _gy-gencatlg |
||
| 942 |
_2lcc _n0 _cBK |
||
| 946 | _irmza | ||
| 999 |
_c124640 _d124640 |
||